| 000 | 01166nam a2200397 a 4500 | ||
|---|---|---|---|
| 003 | AR-BaBNM | ||
| 005 | 20251128210048.0 | ||
| 008 | 082120s2002 ||||||||||||||000 | spa|| | ||
| 020 | _a84-7738-166-6 | ||
| 040 | _cAR-BaBNM | ||
| 100 | 1 | _aArdit Lucas, Manuel | |
| 245 | 0 | 0 | _aAgricultura y crecimiento económico en la Europa occidental moderna |
| 260 |
_aMadrid _bSíntesis _c1993 |
||
| 300 |
_a151 p. _btablas |
||
| 490 | 0 |
_aHistoria universal: moderna _vv. 18 |
|
| 500 | _aContiene textos con comentarios para trabajar p. 129-143 | ||
| 504 | _aBibliografía para consultar p. 145-151 | ||
| 650 | 4 | _aHISTORIA EUROPEA | |
| 650 | 4 | _aSIGLO DIECISIETE | |
| 650 | 4 | _aMONARQUIA | |
| 650 | 4 | _aHISTORIA MODERNA | |
| 650 | 4 | _aHISTORIA ECONOMICA | |
| 650 | 4 | _aAGRICULTURA | |
| 650 | 4 | _aPROPIEDAD | |
| 650 | 4 | _aPOLITICA ECONOMICA | |
| 650 | 4 | _aECONOMIA AGRARIA | |
| 650 | 4 | _aPRODUCTIVIDAD | |
| 650 | 4 | _aSIGLO DIECIOCHO | |
| 651 | 4 | _aInglaterra | |
| 651 | 4 | _aFrancia | |
| 653 | 0 | _aREVOLUCION INDUSTRIAL | |
| 800 | 1 |
_aPlácido, Domingo _edirector |
|
| 800 | 1 |
_aLópez Cordón, María Victoria _ecoordinador |
|
| 942 | _cBK | ||
| 998 | _cMariana | ||
| 999 |
_c13857 _d13857 |
||